00682nam a2200229 a 4500001001300000003000900013005001700022008004100039020001000080082001300090245005600103260004100159300000900200500003500209505001000244650002600254710002800280902000800308942000700316952011400323999001500437nice12345678IN_TiNIC20260116012710.0050524s1902 lona grp 000 0 eng  ac10000a282bLON aPublications of the Catholic Truth Society Vol.L111 aLondonbCatholic Truth Societyc1902 a160p aincludes index and biblioraphy2 aNotes aRoman Catholic Church2 aLondon Catholic Society bSRS cBK 001040708StackRoom-aHMIbHMId2008-04-07g100.00l0o282 LONp012256r2008-04-07v100.00w2005-05-24yBK c8004d8004